| 000 | 00522nam a2200133Ia 4500 | ||
|---|---|---|---|
| 008 | 220216s9999 xx 000 0 und d | ||
| 100 |
_aYue L _cet al |
||
| 245 | 0 | _aGC-MS analyses of natural rubber | |
| 260 | _bClimate Change, Low Carbon Economy and Sustainable Natural Rubber Industry: Preprints of Proceedings of IRRDB International Rubber Conference 2010, 18-19 October 2010 Sanya, Hainan, China, pp. 739-746. | ||
| 650 | _aChromatography | ||
| 650 | _aMechanical properties | ||
| 650 | _aPyrolysis gas | ||
| 942 | _cJS | ||
| 999 |
_c59740 _d59740 |
||